| 000 | 00652nam a2200205Ii 4500 | ||
|---|---|---|---|
| 003 | JO-AjNU | ||
| 008 | 230605s9999||||xx |||||||||||||| ||und|| | ||
| 040 |
_aJO-AjNU _bara _erda _cJO-AjNU |
||
| 041 | _aara | ||
| 050 | 1 | 4 | _aHD37.A7.S3.1978 |
| 100 | 3 |
_aالسماك، محمد ازهر سعيد, _eauthor _936543 |
|
| 245 | 0 | 0 | _aدراسات في الموارد الاقتصادية |
| 250 | _aط1 | ||
| 264 | 3 | 1 | _aالموصل:جامعة الموصل،1978 |
| 300 | _a298ص | ||
| 336 |
_atext _btxt _2rdacontent |
||
| 337 |
_aunmediated _bn _2rdamedia |
||
| 338 |
_avolume _bnc _2rdacarrier |
||
| 650 | 4 |
_aالموارد الاقتصادية _936544 |
|
| 999 |
_aA15192 _c18760 _d18760 |
||